Biblioteca

Expresión de la fe en el culto : (Registro nro. 69802)

Detalles MARC
000 -LÍDER
Campo fijo de descripción fija 01597nab a2200253 i 4500
001 - NÚMERO DE CONTROL
Campo de control 768714001
003 - IDENTIFICADOR DEL NÚMERO DE CONTROL
Campo de control CO-MdBIC
005 - FECHA Y HORA DE LA ULTIMA TRANSACCIÓN
control field 20260312162946.0
008 - ELEMENTOS DE LONGITUD FIJA -- INFORMACIÓN GENERAL
Campo fijo de descripción fija -- Información general 240521t1973 sp ||||| |||| 00| 0 spa d
040 ## - FUENTE DE CATALOGACIÓN
Idioma de catalogación spa
Agencia que realiza la transcripción CO-MdFUSB
Agencia que realiza la modificación CO-MdFUSB
041 ## - CÓDIGO DE IDIOMA
Código de idioma para texto/pista de sonido o título separado spa
100 ## - ASIENTO PRINCIPAL--NOMBRE PERSONAL
Nombre personal Vawter, Bruce,
Término relacionador autor
245 1# - TÍTULO
Título Expresión de la fe en el culto :
Subtitulo en el Nuevo Testamento
Mención de responsabilidad / Bruce Vawter ; traducido por Juan Jose del Moral
520 ## - NOTA DE RESUMEN, ETC.
Nota de sumario, etc. La experiencia del Nuevo Testamento no pretendía cambiar su propio lenguaje, sino adaptarlo a sus necesidades y preferencias específicas, algunos de los cuales eran especialmente apropiados al marco de la vida litúrgica. Ya sea porque existiera un plan preconcebido, bien por simple afinidad natural, de hecho, el aspecto existencial de este marco se veía favorecido con respecto al escatológico. El hecho de que sea un lenguaje derivado, juntamente con su fácil redacción antes y después de su incorporación a los textos canónicos, nos anima por lo menos a reconocer que en este precedente lo sagrado no es el lenguaje mismo, sino sólo lo que se hace con el lenguaje.
630 07 - PUNTO DE ACCESO ADICIONAL DE MATERIA - TÍTULO UNIFORME
Título uniforme Biblia.
Parte o sección de la obra Nuevo Testamento
650 #7 - ASIENTO SECUNDARIO DE MATERIA - TERMINO TEMÁTICO
Término temático o nombre geográfico como elemento de entrada Fe
9 (RLIN) 531
650 #7 - ASIENTO SECUNDARIO DE MATERIA - TERMINO TEMÁTICO
Término temático o nombre geográfico como elemento de entrada Liturgia
9 (RLIN) 206
650 #7 - ASIENTO SECUNDARIO DE MATERIA - TERMINO TEMÁTICO
Término temático o nombre geográfico como elemento de entrada Escatología
9 (RLIN) 213
653 ## - TÉRMINO DE INDIZACIÓN - NO CONTROLADO
Término no controlado Expresión y experiencia de la fe en el culto
700 ## - ENTR. SECUNDARIA - Nombre Personal (R)
Nombre de persona Moral, Juan Jose del,
Término indicativo de función traductor
773 0# - ASIENTO DE ITEM FUENTE
Biblionumber 49450
Itemnumber 82662
Otro identificador del ítem R2572
Título Revista internacional de teología Concilium
Número de control del registro (CO-MdFUSB)8
Número Internacional Normalizado para Publicaciones Seriadas (ISSN) 0210-1041
Parte(s) relacionada(s) / Volumen., número. (mes año), páginas Número 82, (febrero, 1973), páginas: 183 - 191
Enumeración y primera página página: 183
942 ## - TIPO DE MATERIAL (KOHA)
Tipo de Item KOHA Artículos de Revista
945 ## - INFORMACIÓN LOCAL DEL REGISTRO
Catalogador Catherine Arias Alvarez - Practicante SENA

No hay ítems disponibles.

Biblioteca FUSBC | Teléfono: (57+4) 349 88 10 Ext. 141| WhatsApp (+57) 3005338115 
E-mail: biblioteca@unisbc.edu.co | Calle 76 87-14 Robledo Palenque, Medellín, Colombia

Con tecnología Koha